000
00252nam a22001217a 4500
003
SGT
082
_a
823
_b
WHI
100
_a
WHITE E.B
245
_a
THE TRUMPET OF THE SWAN
260
_a
ENGLAND
_b
PUFFIN PUB
_c
2014
300
_a
283
942
_2
ddc
_c
BK
999
_c
33701
_d
33701